| 000 | 00412nam a22001697a 4500 | ||
|---|---|---|---|
| 003 | SGT | ||
| 020 | _a978178824873 | ||
| 082 |
_a618.1 _bP20P |
||
| 100 | _aPARSONS, JUSTIN | ||
| 245 | _aPHYSIOTHERAPY IN OBSTETRICS & GYNAECOLOGY | ||
| 250 | _a1ST | ||
| 260 |
_aU.K. _bMED PLUS PUB _c2020 |
||
| 300 | _a260 | ||
| 650 | _aOBST.& GYNAE | ||
| 653 | _aPHYSIOTHERAPY IN OBSTETRICS & GYNAECOLOGY | ||
| 942 |
_2ddc _cBK |
||
| 999 |
_c23314 _d23314 |
||